Diagnostics in plant breeding (Record no. 1208775)

MARC details
000 -LEADER
fixed length control field 00983nam a2200301Ia 4500
003 - CONTROL NUMBER IDENTIFIER
control field OSt
005 - DATE AND TIME OF LATEST TRANSACTION
control field 20221007121346.0
008 - FIXED-LENGTH DATA ELEMENTS--GENERAL INFORMATION
fixed length control field 221006b |||||||| |||| 00| 0 eng d
020 ## - INTERNATIONAL STANDARD BOOK NUMBER
International Standard Book Number 9789400756871 (hbk)
037 ## - SOURCE OF ACQUISITION
Terms of availability Textual
040 ## - CATALOGING SOURCE
Original cataloging agency BDL
Transcribing agency BDL
Language of cataloging eng
041 ## - LANGUAGE CODE
Source of code eng
Language code of text/sound track or separate title eng
100 ## - MAIN ENTRY--PERSONAL NAME
Personal name Lubberstedt Thomas Ed.
9 (RLIN) 711592
245 #0 - TITLE STATEMENT
Title Diagnostics in plant breeding
Remainder of title Varshney Rajeev K Ed.
260 ## - PUBLICATION, DISTRIBUTION, ETC.
Place of publication, distribution, etc. New
Name of publisher, distributor, etc. York Springer
Date of publication, distribution, etc. 2013
300 ## - PHYSICAL DESCRIPTION
Extent xv, 521p. ill.
Dimensions cm.
500 ## - GENERAL NOTE
General note Index 517-521p.
650 ## - SUBJECT ADDED ENTRY--TOPICAL TERM
Topical term or geographic name entry element Non-DNA
9 (RLIN) 711593
650 ## - SUBJECT ADDED ENTRY--TOPICAL TERM
Topical term or geographic name entry element Statistical considerations
9 (RLIN) 711594
650 ## - SUBJECT ADDED ENTRY--TOPICAL TERM
Topical term or geographic name entry element Validation of QTPs
9 (RLIN) 711595
700 ## - ADDED ENTRY--PERSONAL NAME
Personal name Varshney Rajeev K Ed.
9 (RLIN) 458440
942 ## - ADDED ENTRY ELEMENTS (KOHA)
Classification part J:6, Q3 Carb
Koha item type Textual
Source of classification or shelving scheme Colon Classification (CC)
Holdings
Withdrawn status Lost status Source of classification or shelving scheme Damaged status Not for loan Home library Current library Date acquired Source of acquisition Total Checkouts Full call number Barcode Date last seen Price effective from Koha item type
    Colon Classification (CC)     Department of Botany Library Department of Botany Library 2022-10-07 327, 26/02/2015, Vardhman Books   J:6 Q3 Carb BD0005835 2022-10-07 2022-10-07 Textual
Copyright @ Delhi University Library System